[Event "BL2-Nord playoff 2"]
[Site "Germany"]
[Date "2024.05.04"]
[Round "10.8"]
[White "Wirthgen, Peter"]
[Black "Ascic, Pero"]
[Result "1/2-1/2"]
[WhiteElo "2151"]
[BlackElo "2236"]
[PlyCount "44"]
[EventDate "2024.05.04"]
[EventType "team-k.o."]
[EventRounds "2"]
[EventCountry "GER"]
[SourceTitle "EXT 2025"]
[Source "ChessBase"]
[SourceDate "2024.10.14"]
[SourceVersion "1"]
[SourceVersionDate "2024.10.14"]
[SourceQuality "1"]
[WhiteTeam "Johanneum Eppendorf"]
[BlackTeam "Kirchweyhe II"]
[WhiteTeamCountry "GER"]
[BlackTeamCountry "GER"]

1. d4 Nf6 2. c4 e6 3. Nc3 d5 4. cxd5 exd5 5. Bg5 Be7 6. e3 h6 7. Bf4 c6 8. Bd3 Bd6 9. Bg3 Qe7 10. Qc2 Bxg3 11. hxg3 Be6 12. Nf3 Nbd7 13. Qb3 Rb8 14. Qc2 0-0 15. Ne2 Rfe8 16. Nf4 Bg4 17. Kf1 Ne4 18. Bxe4 dxe4 19. Nd2 Rbc8 20. Rh4 Bf5 21. Ne2 Bg6 22. Rc1 c5 1/2-1/2

[Event "Oberliga Nord N 2324"]
[Site "Germany"]
[Date "2024.04.14"]
[Round "8.7"]
[White "Wirthgen, Peter"]
[Black "Grahl, Arvid"]
[Result "1/2-1/2"]
[WhiteElo "2143"]
[BlackElo "2109"]
[PlyCount "80"]
[EventDate "2023.10.22"]
[EventType "team-tourn"]
[EventRounds "9"]
[EventCountry "GER"]
[SourceTitle "EXT 2025"]
[Source "ChessBase"]
[SourceDate "2024.10.14"]
[SourceVersion "1"]
[SourceVersionDate "2024.10.14"]
[SourceQuality "1"]
[WhiteTeam "Johanneum Eppendorf"]
[BlackTeam "Schwerin"]
[WhiteTeamCountry "GER"]
[BlackTeamCountry "GER"]

1. e4 d6 2. d4 Nf6 3. Nc3 g6 4. Nf3 Bg7 5. Be2 0-0 6. 0-0 Nc6 7. Be3 e5 8. dxe5 dxe5 9. Bb5 Bd7 10. Qe2 a6 11. Bc4 b5 12. Bd5 b4 13. Qc4 bxc3 14. Bxc6 Bxc6 15. Qxc6 cxb2 16. Rab1 Qe8 17. Qxe8 Rfxe8 18. Nd2 Rab8 19. f3 Bf8 20. c3 Red8 21. Bg5 Bc5+ 22. Kh1 Kg7 23. Nc4 h6 24. Bh4 Rd3 25. Nxe5 Rd2 26. Nc4 Rc2 27. Bg3 Rxc3 28. Nxb2 Ra3 29. Bxc7 Rb7 30. Be5 Rxa2 31. Nd3 Rxb1 32. Rxb1 Be7 33. h3 g5 34. Rb7 Kf8 35. Rb8+ Ne8 36. Nb4 Bxb4 37. Rxb4 f6 38. Bd4 Kf7 39. Rb7+ Kg6 40. Re7 Rd2 1/2-1/2

[Event "Oberliga Nord N 2324"]
[Site "Germany"]
[Date "2024.02.04"]
[Round "5.6"]
[White "Lampe, Joerg"]
[Black "Wirthgen, Peter"]
[Result "0-1"]
[WhiteElo "2101"]
[BlackElo "2113"]
[PlyCount "62"]
[EventDate "2023.10.22"]
[EventType "team-tourn"]
[EventRounds "9"]
[EventCountry "GER"]
[SourceTitle "EXT 2025"]
[Source "ChessBase"]
[SourceDate "2024.10.14"]
[SourceVersion "1"]
[SourceVersionDate "2024.10.14"]
[SourceQuality "1"]
[WhiteTeam "Hamburg Koenigsspringer"]
[BlackTeam "Johanneum Eppendorf"]
[WhiteTeamCountry "GER"]
[BlackTeamCountry "GER"]

1. e4 c6 2. d4 d5 3. exd5 cxd5 4. c4 Nf6 5. Nc3 Nc6 6. Bg5 dxc4 7. Bxc4 e6 8. Nf3 Be7 9. 0-0 0-0 10. Re1 a6 11. a3 b5 12. Bb3 Bb7 13. Qd3 Rc8 14. Bc2 g6 15. Rad1 b4 16. Na4 bxa3 17. bxa3 Nd5 18. Bh6 Ncb4 19. axb4 Nxb4 20. Bxf8 Bxf8 21. Qd2 Rxc2 22. Qf4 Bd6 23. Qh4 Be7 24. Qf4 Nd5 25. Qh6 Bc6 26. Nc5 Nc3 27. Nxe6 fxe6 28. Rxe6 Bxf3 29. Rde1 Ne2+ 30. Kf1 Bxg2+ 31. Kxg2 Qd5+ 0-1

[Event "Oberliga Nord N 2324"]
[Site "Germany"]
[Date "2024.01.14"]
[Round "4.7"]
[White "Schwarzat, Julian"]
[Black "Wirthgen, Peter"]
[Result "1-0"]
[WhiteElo "2127"]
[BlackElo "2123"]
[PlyCount "107"]
[EventDate "2023.10.22"]
[EventType "team-tourn"]
[EventRounds "9"]
[EventCountry "GER"]
[SourceTitle "EXT 2025"]
[Source "ChessBase"]
[SourceDate "2024.10.14"]
[SourceVersion "1"]
[SourceVersionDate "2024.10.14"]
[SourceQuality "1"]
[WhiteTeam "Preetz"]
[BlackTeam "Johanneum Eppendorf"]
[WhiteTeamCountry "GER"]
[BlackTeamCountry "GER"]

1. e4 c6 2. d4 d5 3. exd5 cxd5 4. Bd3 Nc6 5. c3 Qc7 6. Ne2 Bg4 7. f3 Bd7 8. f4 Nh6 9. Nd2 Bf5 10. Nf3 Bxd3 11. Qxd3 e6 12. 0-0 Bd6 13. Bd2 a6 14. Rae1 0-0 15. Ng5 Nf5 16. g4 h6 17. gxf5 hxg5 18. fxg5 exf5 19. Qxf5 Ne7 20. Qg4 Bxh2+ 21. Kg2 Ng6 22. Rh1 Bd6 23. Qh5 Rfe8 24. Nf4 Rxe1 25. Qh7+ Kf8 26. Nxg6+ fxg6 27. Rxe1 Qc8 28. Qh8+ Kf7 29. Rf1+ Ke7 30. Qxg7+ Kd8 31. Qg8+ Kc7 32. Rf7+ Kc6 33. Qxc8+ Rxc8 34. Rf6 Kd7 35. Rxg6 Re8 36. Kf3 Rf8+ 37. Rf6 Rxf6+ 38. gxf6 Ke6 39. Bf4 Bf8 40. Be5 Bh6 41. b3 b5 42. Ke2 Bf8 43. Kd3 Bh6 44. c4 dxc4+ 45. bxc4 bxc4+ 46. Kxc4 Bf8 47. Kb3 Bh6 48. Kb4 Bd2+ 49. Kc5 a5 50. a4 Bb4+ 51. Kc6 Bc3 52. Kc7 Bd2 53. Kd8 Bg5 54. Ke8 1-0

[Event "Oberliga Nord N 2122"]
[Site "Germany"]
[Date "2022.03.06"]
[Round "6.4"]
[White "Gremmel, Jonas Simon"]
[Black "Wirthgen, Peter"]
[Result "1/2-1/2"]
[WhiteElo "2019"]
[BlackElo "2103"]
[PlyCount "66"]
[EventDate "2021.10.31"]
[EventType "team-tourn"]
[EventRounds "9"]
[EventCountry "GER"]
[SourceTitle "EXT 2023"]
[Source "ChessBase"]
[SourceDate "2022.10.05"]
[SourceVersion "1"]
[SourceVersionDate "2022.10.05"]
[SourceQuality "1"]
[WhiteTeam "Hamburg Schachfreunde"]
[BlackTeam "Johanneum Eppendorf"]
[WhiteTeamCountry "GER"]
[BlackTeamCountry "GER"]

1. d4 d5 2. Nf3 Nf6 3. e3 Bf5 4. c4 c6 5. Be2 e6 6. 0-0 Bd6 7. b3 h6 8. Bb2 Nbd7 9. Ne5 Bh7 10. f4 Ne4 11. Nd2 Nxd2 12. Qxd2 Nf6 13. c5 Bc7 14. b4 Ne4 15. Qd1 a6 16. a4 0-0 17. Bd3 f6 18. Nf3 Qe7 19. Qc2 Bf5 20. Nh4 g5 21. Nxf5 exf5 22. g3 Kg7 23. Kg2 g4 24. b5 axb5 25. axb5 h5 26. b6 Rxa1 27. Rxa1 Bb8 28. Bxe4 fxe4 29. Qf2 f5 30. Bc3 Rg8 31. Kf1 Kf7 32. Be1 Rh8 33. Ke2 Ke6 1/2-1/2

[Event "Oberliga Nord N 1718"]
[Site "Germany"]
[Date "2018.04.15"]
[Round "9.6"]
[White "Wirthgen, Peter"]
[Black "Malkiel, Daniel E"]
[Result "1/2-1/2"]
[WhiteElo "2035"]
[BlackElo "2138"]
[PlyCount "111"]
[EventDate "2017.10.08"]
[EventType "team-tourn"]
[EventRounds "9"]
[EventCountry "GER"]
[SourceTitle "EXT 2019"]
[Source "ChessBase"]
[SourceDate "2018.10.10"]
[SourceVersion "1"]
[SourceVersionDate "2018.10.10"]
[SourceQuality "1"]
[WhiteTeam "Eppendorf Johanneum"]
[BlackTeam "Hamburger SK III"]
[WhiteTeamCountry "GER"]
[BlackTeamCountry "GER"]

1. d4 e6 2. c4 Nf6 3. Nc3 Bb4 4. Qc2 0-0 5. e4 d5 6. e5 Ne4 7. Bd3 c5 8. cxd5 exd5 9. Nge2 cxd4 10. Nxd4 Nd7 11. f4 Ndc5 12. 0-0 Nxd3 13. Qxd3 Bxc3 14. bxc3 Qc7 15. Ba3 Rd8 16. Rac1 b6 17. f5 Qxe5 18. Nc6 Qc7 19. Nxd8 Qxd8 20. Rcd1 Bb7 21. Qd4 Qc7 22. Rf3 f6 23. Re3 Rc8 24. Rc1 Qf4 25. Rf1 Qe5 26. Qa4 Qe8 27. Rfe1 Rc4 28. Qb3 Qc8 29. Qb5 Bc6 30. Qb3 Qxf5 31. Rf3 Qc8 32. Rd3 Bb7 33. Rd4 f5 34. Rxc4 dxc4 35. Qb4 h6 36. Qe7 Kh7 37. Qe5 Qd7 38. Rf1 Bc8 39. Bc1 Qe6 40. Qd4 Bb7 41. Bf4 Nc5 42. Qe5 Qg6 43. Bg3 Be4 44. Qd4 Nd3 45. Qe3 Qg4 46. Qd2 Qg6 47. Bf4 Qf6 48. Be3 Qe6 49. Bd4 Bc6 50. Qe3 Qd7 51. Qg3 Be4 52. h4 f4 53. Rxf4 Nxf4 54. Qxf4 Qf5 55. Qxf5+ Bxf5 56. Kf2 1/2-1/2

[Event "Oberliga Nord N 1718"]
[Site "Germany"]
[Date "2017.11.12"]
[Round "3.5"]
[White "Wirthgen, Peter"]
[Black "Schwarzat, Julian"]
[Result "0-1"]
[WhiteElo "2035"]
[BlackElo "2105"]
[PlyCount "78"]
[EventDate "2017.10.08"]
[EventType "team-tourn"]
[EventRounds "9"]
[EventCountry "GER"]
[SourceTitle "EXT 2019"]
[Source "ChessBase"]
[SourceDate "2018.10.10"]
[SourceVersion "1"]
[SourceVersionDate "2018.10.10"]
[SourceQuality "1"]
[WhiteTeam "Eppendorf Johanneum"]
[BlackTeam "Preetz"]
[WhiteTeamCountry "GER"]
[BlackTeamCountry "GER"]

1. d4 Nf6 2. c4 e6 3. Nc3 Bb4 4. Qc2 c5 5. dxc5 Bxc5 6. Nf3 Nc6 7. Bg5 h6 8. Bh4 g5 9. Bg3 d5 10. e3 Qa5 11. Be2 Ne4 12. 0-0 Nxg3 13. hxg3 dxc4 14. Bxc4 a6 15. Ne4 Be7 16. Rfd1 0-0 17. a3 Ne5 18. Be2 Nxf3+ 19. Bxf3 f5 20. Nd6 Qb6 21. Nc4 Qc7 22. Qb3 Bc5 23. Rac1 g4 24. Be2 b5 25. Nd6 Qb6 26. Nxc8 Raxc8 27. Qc3 Rc7 28. Qe5 Rfc8 29. Rc3 Bf8 30. Rxc7 Rxc7 31. Qf6 Bg7 32. Qg6 Re7 33. Rd2 Qc7 34. Bd1 Qc8 35. Bb3 Kf8 36. Rd6 Qe8 37. Qh7 a5 38. e4 Bxb2 39. exf5 Rxh7 0-1

[Event "Hamburg CupT"]
[Site "Hamburg"]
[Date "2012.02.19"]
[Round "2.4"]
[White "Wirthgen, Peter"]
[Black "Sander, Rolf"]
[Result "0-1"]
[WhiteElo "1934"]
[BlackElo "1890"]
[PlyCount "86"]
[EventDate "2012.02.18"]
[EventType "team-k.o."]
[EventRounds "4"]
[EventCountry "GER"]
[SourceTitle "EXT 2022"]
[Source "ChessBase"]
[SourceDate "2021.10.06"]
[SourceVersion "1"]
[SourceVersionDate "2021.10.06"]
[SourceQuality "1"]
[WhiteTeam "Johanneum Eppendorf"]
[BlackTeam "Barmbek"]
[WhiteTeamCountry "GER"]
[BlackTeamCountry "GER"]

1. d4 d5 2. c4 e6 3. Nc3 c5 4. cxd5 exd5 5. Nf3 Nc6 6. g3 Nf6 7. Bg2 Be7 8. 0-0 0-0 9. Bg5 c4 10. Ne5 Be6 11. Nxc6 bxc6 12. b3 Qa5 13. Na4 Rfd8 14. Bxf6 gxf6 15. Qc1 Kg7 16. Qe3 Bb4 17. Rfd1 Re8 18. Qf3 Rac8 19. g4 Bd2 20. Nc5 c3 21. Nd3 c2 22. Rf1 Qc3 23. Rac1 Bxc1 24. Rxc1 Qxd4 25. h3 c5 26. Rxc2 c4 27. Ne1 cxb3 28. Qxb3 Qd1 29. Kf1 Rxc2 30. Qxc2 Qxc2 31. Nxc2 Rc8 32. Ne1 Rc1 33. f4 d4 34. a4 Ra1 35. Bc6 Bb3 36. Kf2 Bxa4 37. Bd5 Bb5 38. Nf3 d3 39. exd3 Bxd3 40. Ke3 Ra3 41. Kd4 Be2 42. Nh4 Rxh3 43. Nf5+ Kf8 0-1